| 000 | 00437nam a2200145Ia 4500 | ||
|---|---|---|---|
| 008 | 230411s9999 xx 000 0 und d | ||
| 020 | _a978-81-8450-194-0 | ||
| 041 | _aeng | ||
| 082 | _aAD/610.6/GOE/B05892 | ||
| 100 |
_aGoel S L _9111184 |
||
| 245 | _aEmerging and Thrust Areas of Health Care System and Hospital Administration | ||
| 260 |
_bDeep & Deep Publications _aNew Delhi _c2010 |
||
| 300 | _a408p | ||
| 999 |
_c156358 _d156358 |
||